000 00652nam a22002657a 4500
003 UA-OsUOA
001 21338
007 ta
008 20031127b un ||||| |||| 00| 0 ukr d
100 _aБутинець Ф.Ф.
700 _aШатило Н.В.
090 _a336.22(075.8)(477)
_bБ93
942 _cBK
040 _aUA-OsUOA
_bukr
_cUA-OsUOA
_dUA-OsUOA
245 _aПодатковий облік в Україні
300 _a928 с.
955 _a0
041 _aukr
080 _a336.22(075.8)(477)
020 _a5-7763-1662-6
260 _aЖитомир
_bЖІТІ
_c1998
044 _aUA
650 7 _2UDC
999 _c307533
_d307533